Wortgemisch - Französische Städte - Statistiken

Allgemein
  • Dieses Quiz wurde 191 mal gespielt
  • Das Durchschnittsergebnis liegt bei 7 aus 15
Antwortstatistiken
Stadt % Korrekt
Paris
95%
Lyon
94%
Nizza
91%
Lille
89%
Bordeaux
80%
Metz
77%
Pau
72%
Reims
71%
Toulouse
69%
Vichy
65%
Dijon
64%
Marseille
63%
Nancy
61%
Brest
57%
Avignon
50%
Tours
50%
Ajaccio
48%
Nantes
45%
Calais
41%
Toulon
40%
Cannes
39%
Rouen
38%
Montpellier
37%
Angers
35%
Strasburg
35%
Caen
31%
Nimes
28%
Versailles
22%
Perpignan
21%
Rennes
21%
Limoges
20%
Roubaix
14%
Amiens
13%
Bourges
13%
Cergy
11%
Grenoble
11%
Orleans
11%
Quimper
11%
Colmar
10%
Villeurbanne
9%
Nanterre
7%
Poitiers
7%
Antibes
0%
Dunkirk
0%
Keine übereinstimmenden Quizze gefunden
Verteilung der Resultate
Anzahl Personen mit jedem Resultat
Perzentil nach korrekt beantworteten Fragen
Ihre Resultats-Entwicklung
Sie haben dieses Quiz noch nicht gespielt